| 000 | 00867nam a2200265 a 4500 | ||
|---|---|---|---|
| 001 | 76702 | ||
| 003 | BD-RjUL | ||
| 005 | 20211209082856.0 | ||
| 008 | 200114t19701965enka b 001 0 eng | ||
| 035 | _a(BD-RjUL)76926 | ||
| 040 |
_aDLC _cDLC _dDLC _dBD-RjUL _beng |
||
| 041 | _aeng | ||
| 082 | 0 | 0 |
_a660 _223 _bCOC 1970 |
| 100 | 1 |
_aCoulson, J. M. _q(John Metcalfe) _949476 |
|
| 245 | 1 | 0 |
_aChemical engineering / _cJ.M. Coulson and J.F. Richardson. |
| 250 | _aELBS Edition 1970 | ||
| 260 |
_aOxford ; London : _bPergamon Press, _c1970 |
||
| 260 | _aLondon : | ||
| 300 |
_aV. : _bill. ; _c24 cm. |
||
| 504 | _aIncludes bibliographies and indexes. | ||
| 505 | 0 | _aVol.1. Fluid flow, heat transfer and mass transfer -- v. 2. Unit operations -- v. 3 -- | |
| 650 | 0 |
_aChemical engineering. _949478 |
|
| 700 | 1 |
_aRichardson, J. F. _q(John Francis) _9237431 |
|
| 942 |
_2ddc _cBK |
||
| 999 |
_c76702 _d76702 |
||